Quick Pick: Paul McCartney Songs Quiz Stats

Quiz Updated Sep 22, 2016

Challenge
Share
Tweet
Embed
Score 0/16 Timer 01:30
1 Play Today
% Correct
Ebony
93.6%
Die
92%
Lonely
91.5%
Man
87.2%
Away
86.5%
Day
86%
Wonderful
85%
Silly
84.5%
% Correct
Band
84.1%
Let
81.3%
Amazed
80.1%
Luck
79.9%
Love
75.7%
Junior's
75.7%
Coming
73.1%
Roll
65.2%

Today's Daily Dose

Missing Word
For Dummies Books

Word Ladder
Ariana Grande

Quick Pick
1970s Authors

On This Day
June 21st II

You're not logged in!

Compare scores with friends on all Sporcle quizzes.
Join for Free
OR
Log In

You Might Also Like...

Show Comments

Extras

Top Quizzes Today


Score Distribution

Your Account Isn't Verified!

In order to create a playlist on Sporcle, you need to verify the email address you used during registration. Go to your Sporcle Settings to finish the process.

Report this User

Report this user for behavior that violates our Community Guidelines.

Details: